Insectario, 1995-1996 (Record no. 10056)

MARC details
000 -CABECERA
campo de control de longitud fija 00903nam a2200265 a 4500
001 - NÚMERO DE CONTROL
campo de control BRL_1244
005 - FECHA Y HORA DE LA ÚLTIMA TRANSACCIÓN
campo de control 20190320211115.0
008 - DATOS DE LONGITUD FIJA--INFORMACIÓN GENERAL
campo de control de longitud fija 041213s1998----mx-a######---#000-0#spa-#
041 ## - CÓDIGO DE LENGUA
Código de lengua del texto/banda sonora o título independiente spa
044 ## - CÓDIGO DEL PAÍS DE LA ENTIDAD EDITORA/PRODUCTORA
Código MARC del país mx
050 #4 - SIGNATURA TOPOGRÁFICA DE LA BIBLIOTECA DEL CONGRESO
Número de clasificación ND259.T65
Número de documento/Ítem .57 1998
100 1# - ENTRADA PRINCIPAL--NOMBRE DE PERSONA
Nombre de persona Toledo, Francisco
9 (RLIN) 26260
245 10 - MENCIÓN DE TÍTULO
Título Insectario, 1995-1996
Mención de responsabilidad, etc. Francisco Toledo.
260 ## - PUBLICACIÓN, DISTRIBUCIÓN, ETC.
Lugar de publicación, distribución, etc. Oaxaca, México
Nombre del editor, distribuidor, etc. Museo de Arte Contemporáneo de Oaxaca
Fecha de publicación, distribución, etc. [1998]
300 ## - DESCRIPCIÓN FÍSICA
Extensión 63 p.
Otras características físicas il.
Dimensiones 21 cm.
500 ## - NOTA GENERAL
Nota general Au1422
500 ## - NOTA GENERAL
Nota general Incluye dedicatoria a Ruth Lechuga
500 ## - NOTA GENERAL
Nota general Texto en: español e inglés
500 ## - NOTA GENERAL
Nota general Exposición presentada en el Museo de Arte Contemporáneo de Oaxaca diciembre de 1997 a febrero de 1998
600 14 - PUNTO DE ACCESO ADICIONAL DE MATERIA--NOMBRE DE PERSONA
Nombre de persona Toledo, Francisco
Fechas asociadas al nombre 1940-
Subdivisión de forma Exposiciones
9 (RLIN) 26261
650 14 - PUNTO DE ACCESO ADICIONAL DE MATERIA--TÉRMINO DE MATERIA
Término de materia o nombre geográfico como elemento de entrada Pintores mexicanos
Subdivisión de forma Exposiciones
9 (RLIN) 23226
650 14 - PUNTO DE ACCESO ADICIONAL DE MATERIA--TÉRMINO DE MATERIA
Término de materia o nombre geográfico como elemento de entrada Insectos en el arte
Subdivisión de forma Exposiciones
9 (RLIN) 26262
902 ## - CATALOGADOR
Iniciales GRL
942 ## - ELEMENTOS DE PUNTO DE ACCESO ADICIONAL (KOHA)
Fuente del sistema de clasificación o colocación Library of Congress Classification
Tipo de ítem Koha Libros
Holdings
Estado de retiro Estado de pérdida Estado dañado No para préstamo Localización permanente Ubicación/localización actual Fecha de adquisición Número de inventario Total de préstamos Signatura topográfica completa Código de barras Fecha visto por última vez Precio válido a partir de Tipo de ítem Koha
El ejemplar forma parte de la colección y puede ser consultado según las políticas vigentes.       Biblioteca Centro de Estudios Ruth D. Lechuga Biblioteca Centro de Estudios Ruth D. Lechuga 04/12/2013 Au1422   ND259.T65 .57 1998 (Au1422) GRL01361 22/03/2019 22/03/2019 Libros